Nommez une Sous-Préfecture de France de A à Z - Statistiques

Statistiques générales
  • Ce quiz a été pris 237 fois
  • Le résultat moyen est 14 sur 21
Statistiques - réponses
Lettres Sous-préfectures % Correct
A Abbeville | Aix-en-Provence | Albertville | Alès | Altkirch | Ambert | Antony | Apt | Arcachon | Argelès-Gazost | Argentan | Argenteuil | Arles | Aubusson | Autun | Avallon | Avesnes-sur-Helpe | Avranches
97%
B Bagnères-de-Bigorre | Bar-sur-Aube | Barcelonnette | Bayeux | Bayonne | Beaune | Bellac | Belley | Bergerac | Bernay | Béthune | Béziers | Blaye | Bonneville | Boulogne-Billancourt | Boulogne-sur-Mer | Bressuire | Brest | Briançon | Brignoles | Brioude | Brive-la-Gaillarde
91%
D Dax | Die | Dieppe | Dinan | Dole | Douai | Draguignan | Dreux | Dunkerque
91%
S Saint-Amand-Montrond | Saint-Benoît | Saint-Claude | Saint-Denis | Saint-Dié-des-Vosges | Saint-Dizier | Saint-Flour | Saint-Gaudens | Saint-Georges | Saint-Germain-en-Laye | Saint-Girons | Saint-Jean-d'Angély | Saint-Jean-de-Maurienne | Saint-Julien-en-Genevois | Saint-Laurent-du-Maroni | Saint-Malo | Saint-Nazaire | Saint-Omer | Saint-Paul | Saint-Pierre | Saint-Quentin | Saintes | Sarcelles | Sarlat-la-Canéda | Sarrebourg | Sarreguemines | Sartène | Saumur | Saverne | Sedan | Segré-en-Anjou Bleu | Sélestat | Senlis | Sens | Soissons
86%
C Calais | Calvi | Cambrai | Carpentras | Castellane | Castelsarrasin | Castres | Céret | Chalon-sur-Saône | Charolles | Château-Chinon (Ville) | Château-Gontier | Château-Thierry | Châteaubriant-Ancenis | Châteaudun | Châteaulin | Châtellerault | Cherbourg-en-Cotentin | Chinon | Cholet | Clamecy | Clermont | Cognac | Commercy | Compiègne | Condom | Confolens | Corte | Cosne-Cours-sur-Loire | Coutances
85%
L L'Haÿ-les-Roses | La Châtre | La Flèche | La Tour-du-Pin | La Trinité | Langon | Langres | Lannion | Largentière | Le Blanc | Le Havre | Le Marin | Le Raincy | Le Vigan | Lens | Les Andelys | Les Sables-d'Olonne | Lesparre-Médoc | Libourne | Limoux | Lisieux | Loches | Lodève | Lorient | Louhans | Lunéville | Lure
84%
M Mamers | Mantes-la-Jolie | Marmande | Mauriac | Mayenne | Meaux | Millau | Mirande | Molsheim | Montargis | Montbard | Montbéliard | Montbrison | Montdidier | Montluçon | Montmorillon | Montreuil-sur-Mer | Morlaix | Mortagne-au-Perche | Mulhouse | Muret
82%
V Val de Briey | Valenciennes | Vendôme | Verdun | Vervins | Vichy | Vienne | Vierzon | Villefranche-de-Rouergue | Villefranche-sur-Saône | Villeneuve-sur-Lot | Vire | Vitry-le-François | Vouziers
77%
R Rambouillet | Redon | Reims | Rethel | Riom | Roanne | Rochechouart | Rochefort | Romorantin-Lanthenay
76%
N Nantua | Narbonne | Nérac | Neufchâteau | Nogent-le-Rotrou | Nogent-sur-Marne | Nogent-sur-Seine | Nontron | Nyons
75%
F Figeac | Florac | Fontainebleau | Fontenay-le-Comte | Forbach | Forcalquier | Fougères
70%
I Issoire | Issoudun | Istres
69%
P Palaiseau | Pamiers | Parthenay | Péronne | Pithiviers | Pointe-à-Pitre | Pontarlier | Pontivy | Prades | Provins
69%
T Thann | Thiers | Thionville | Thonon-les-Bains | Torcy | Toul | Tournon-sur-Rhône
67%
G Gex | Gourdon | Grasse | Guingamp
64%
E Épernay | Étampes
53%
U Ussel
47%
Y Yssingeaux
42%
J Jonzac
33%
H Haguenau
32%
O Oloron-Sainte-Marie
32%
Aucun quiz correspondant
Distribution des résultats
% des personnes avec chaque résultat
Percentile par nombre de réponses
Votre historique - résultats
Vous n’avez pas pris ce quiz